LEADER 00739nam0-22002411i-450- 001 990001242360403321 035 $a000124236 035 $aFED01000124236 035 $a(Aleph)000124236FED01 035 $a000124236 100 $a20000920d1989----km-y0itay50------ba 101 0 $aeng 200 1 $aOptimization$eProceedings of the fifth French-German Conference held in Castel-Novel (Varetz), France, Oct. 3-8, 1988.$fby DOLECKI S. 210 $aBerlin [etc.]$cSpringer-Verlag$d1989. 225 1 $aLecture Notes in Mathematics$v1405 801 0$aIT$bUNINA$gRICA$2UNIMARC 901 $aBK 912 $a990001242360403321 952 $aC-20-(1405$b7056$fMA1 959 $aMA1 996 $aOptimization$980052 997 $aUNINA DB $aING01 LEADER 00935nam0-2200325---450- 001 990009900350403321 005 20141001112553.0 010 $a978-88-581-0731-7 035 $a000990035 035 $aFED01000990035 035 $a(Aleph)000990035FED01 035 $a000990035 100 $a20141001d2013----km-y0itay50------ba 101 0 $aita 102 $aIT 105 $a--------001yy 200 1 $aContro il colonialismo digitale$eistruzioni per continuare a leggere$fRoberto Casati 210 $aRoma : Bari$cLaterza$d2013 215 $aVI, 130 p.$d21 cm 225 1 $aI Robinson$iLetture 610 0 $aLettura$aImpiego risorse elettroniche 676 $a028.8$v22$zita 700 1$aCasati,$bRoberto$0217445 801 0$aIT$bUNINA$gRICA$2UNIMARC 901 $aBK 912 $a990009900350403321 952 $a028.8 CAS 1$b6535$fBFS 959 $aBFS 996 $aContro il colonialismo digitale$9828671 997 $aUNINA